It looks like you're offline.
Open Library logo
additional options menu

MARC record from Internet Archive

LEADER: 01398cam 2200397Ka 4500
001 ocn173809743
003 OCoLC
005 20201005000956.0
008 071008s2001 ilua j 000 1 eng d
040 $aCD5$beng$cCD5$dOCLCO$dOCLCQ$dOCLCO$dYDXCP$dOCLCF
020 $a0757811302
020 $a9780757811302
035 $a(OCoLC)173809743
100 1 $aFlynn, Quentin.
245 10 $aChanged behavior! /$cwritten by Quentin Flynn ; illustrated by Brent Putze.
250 $aU.S. ed.
260 $aBarrington, Ill. :$bRigby,$c©2001.
300 $a32 pages :$billustrations ;$c20 cm.
336 $atext$btxt$2rdacontent
337 $aunmediated$bn$2rdamedia
338 $avolume$bnc$2rdacarrier
490 1 $aRigby bookweb Level 6
650 0 $aSoccer$vJuvenile fiction.
650 0 $aCoaches (Athletics)$xBehavior$vJuvenile fiction.
650 0 $aSports teams$vJuvenile fiction.
650 0 $aReaders (Elementary)
650 7 $aReaders (Elementary)$2fast$0(OCoLC)fst01090601
650 7 $aSoccer.$2fast$0(OCoLC)fst01122119
650 7 $aSports teams.$2fast$0(OCoLC)fst01130780
655 7 $aFiction.$2fast$0(OCoLC)fst01423787
655 7 $aJuvenile works.$2fast$0(OCoLC)fst01411637
700 1 $aPutze, Brent,$eillustrator.
830 0 $aRigby bookweb.$nLevel 6.
938 $aYBP Library Services$bYANK$n9855170
994 $aZ0$bP4A
948 $hNO HOLDINGS IN P4A - 2 OTHER HOLDINGS